| 000 | 00775cam a22002533a 4500 | ||
|---|---|---|---|
| 001 | 17427 | ||
| 003 | PGUSA | ||
| 005 | 20140828083354.0 | ||
| 008 | 051231s2005||||xxu|||||s|||||000 | eng d | ||
| 040 |
_aPGUSA _beng |
||
| 042 | _adc | ||
| 050 | 4 | _aE740 | |
| 100 | 1 |
_aWilson, Woodrow, _d1856-1924 |
|
| 245 | 1 | 0 |
_aPresident Wilson's Addresses _h[electronic resource] / _cWoodrow Wilson |
| 260 |
_bProject Gutenberg, _c2005 |
||
| 506 | _aPublic domain in the USA. | ||
| 516 | _aElectronic text | ||
| 653 | _aWorld War, 1914-1918 -- United States | ||
| 653 | _aUnited States -- Politics and government -- 1913-1921 | ||
| 700 | 1 |
_aHarper, George McLean, _d1863-1947 |
|
| 830 | 0 |
_aProject Gutenberg _v17427 |
|
| 856 | 4 | 0 | _uhttp://www.gutenberg.org/ebooks/17427 |
| 942 | _cEB | ||
| 999 |
_c246682 _d246682 |
||